Генофонд рода Triticum L. как исходный материал для селекции (Запись № 1078950)

Подробности
000 -МАРКЕР
контрольное поле 03164nam0a2200325 4500
001 - ИДЕНТИФИКАТОР ЗАПИСИ
контрольное поле RU\NLR\bibl\492565
005 - ИДЕНТИФИКАТОР ВЕРСИИ
контрольное поле 20260406124305.0
021 ## - НОМЕР ГОСУДАРСТВЕННОЙ РЕГИСТРАЦИИ
Код страны Российская Федерация
Номер 2003-65750
Номер Листа государственной регистраци 3239
035 ## - ДРУГИЕ СИСТЕМНЫЕ НОМЕРА
Идентификатор записи (NLR Aleph) 000485231
100 ## - ДАННЫЕ ОБЩЕЙ ОБРАБОТКИ
Данные общей обработки 20040218d2003 |||y0rusy50 ca
101 0# - ЯЗЫК РЕСУРСА
Язык текста, звукозаписи и т.д. русский
102 ## - СТРАНА ПУБЛИКАЦИИ ИЛИ ПРОИЗВОДСТВА
Страна публикации Российская Федерация
105 ## - ПОЛЕ КОДИРОВАННЫХ ДАННЫХ: ТЕКСТОВЫЕ МАТЕРИАЛЫ, МОНОГРАФИЧЕСКИЕ
Кодированные данные о монографическом текстовом документе y |||||||||
200 1# - ЗАГЛАВИЕ И СВЕДЕНИЯ ОБ ОТВЕТСТВЕННОСТИ
Основное заглавие Генофонд рода Triticum L. как исходный материал для селекции
Сведения, относящиеся к заглавию [Сб. ст.]
Первые сведения об ответственности М-во сел. хоз-ва Рос. Федерации, Рос. акад. с.-х. наук, Гос. науч. центр Рос. Федерации Всерос. НИИ растениеводства им. Н.И. Вавилова (ГНЦ РФ ВИР)
210 ## - ПУБЛИКАЦИЯ, РАСПРОСТРАНЕНИЕ И ДР.
Место издания, распространения и т.д. СПб.
Имя издателя, распространителя и т. д. ВИР
Дата издания, распространения и т.д. 2003
215 ## - ФИЗИЧЕСКАЯ ХАРАКТЕРИСТИКА
Специфическое обозначение материала и объем 42, [1] с.
Размеры 21
320 ## - ПРИМЕЧАНИЯ О НАЛИЧИИ В ДОКУМЕНТЕ БИБЛИОГРАФИИ / УКАЗАТЕЛЯ
Текст примечания Библиогр. в конце ст.
327 1# - ПРИМЕЧАНИЯ О СОДЕРЖАНИИ
Текст примечания Содерж.: Мировые растительные ресурсы яровой мягкой пшеницы в условиях Подмосковья / А.В. Пухальский, А.М. Медведев, Л.М. Медведева и др. Видовое разнообразие рода Triticum L. как источник устойчивости пшеницы к наиболее опасным болезням / А.М. Медведев, Л.М. Медведева
464 #0 - АНАЛИТИЧЕСКИЙ УРОВЕНЬ
Встроенное поле 2001#$aМировые растительные ресурсы яровой мягкой пшеницы в условиях Подмосковья$fА.В. Пухальский, А.М. Медведев, Л.М. Медведева и др.
-- 701#1$aПухальский$bА. В.$gАнатолий Васильевич$4070$3RU\NLR\auth\7718015
-- 701#1$3RU\NLR\auth\7718019$aМедведев$bА. М.$cд-р с.-х. наук$gАнатолий Михайлович$4070
-- 701#1$aМедведева$bЛ. М.$gЛилия Михайловна$4070$3RU\NLR\auth\7718022
Заглавие Мировые растительные ресурсы яровой мягкой пшеницы в условиях Подмосковья
464 #0 - АНАЛИТИЧЕСКИЙ УРОВЕНЬ
Встроенное поле 2001#$aВидовое разнообразие рода Triticum L. как источник устойчивости пшеницы к наиболее опасным болезням$fА.М. Медведев, Л.М. Медведева
-- 701#1$3RU\NLR\auth\7718019$aМедведев$bА. М.$cд-р с.-х. наук$gАнатолий Михайлович$4070
-- 701#1$aМедведева$bЛ. М.$gЛилия Михайловна$4070
Заглавие Видовое разнообразие рода Triticum L. как источник устойчивости пшеницы к наиболее опасным болезням
606 0# - НАИМЕНОВАНИЕ ТЕМЫ КАК ПРЕДМЕТ
Наименование темы Мягкая пшеница яровая
Формальный подзаголовок Сборники
Тематический подзаголовок Генофонд
Системный номер авторитетной/нормативной записи 2323952
Идентификатор авторитетной/нормативной записи RU\NLR\auth\661390164
686 ## - ИНДЕКСЫ ДРУГИХ КЛАССИФИКАЦИЙ
Индекс П212.13-31я43
712 02 - НАИМЕНОВАНИЕ ОРГАНИЗАЦИИ - ВТОРИЧНАЯ ОТВЕТСТВЕННОСТЬ
Код отношения Прочие
Начальный элемент ввода Всероссийский НИИ растениеводства им. Н. И. Вавилова
Идентифицирующий признак Санкт-Петербург
Системный номер авторитетной/нормативной записи 307525
Идентификатор авторитетной/нормативной записи RU\NLR\AUTH\8817143
801 #0 - ИСТОЧНИК ЗАПИСИ
Страна Российская Федерация
Организация NLR
Дата составления 20040218
Правила каталогизации PSBO
801 #1 - ИСТОЧНИК ЗАПИСИ
Страна Российская Федерация
Организация NLR
Дата составления 20040218
942 ## - ДОПОЛНИТЕЛЬНЫЕ ЭЛЕМЕНТЫ ЗАПИСИ (АБИС)
Тип экземпляра АБИС Книга
980 ## - КОЛЛЕКЦИЯ
Название коллекции Национальная библиография
Экземпляры
Тип экземпляра Дата поступления Источник поступления Библиотека постоянного хранения Библиотека текущего хранения Место хранения Шифр хранения Штрих-код Статус экземпляра
Книга 18.02.2004 Обязательный экземпляр РНБ (Московский) РНБ (Московский) Русский книжный фонд: издания с 1957 года 2004-4/3857 639343  
Книга 18.02.2004 Обязательный экземпляр РНБ (Московский) РНБ (Московский) Русский книжный фонд: издания с 1957 года 2004-4/3857 639344